| 000 | 00000nam 2200000za 4500 |
| 001 | 9.688980 |
| 003 | CaOODSP |
| 005 | 20250319135002 |
| 007 | cr ||||||||||| |
| 008 | 150407|2007||||xxc|||||o f|0| 0 eng d |
| 020 | |a0-662-44468-X |
| 040 | |aCaOODSP|beng |
| 043 | |an-cn--- |
| 086 | 1 |aH164-38/1-2007E-PDF |
| 110 | 1 |aCanada. |bHealth Products and Food Branch. |
| 245 | 10|aEating well with Canada's food guide [pamphlet] |h[electronic resource] |
| 260 | |aOttawa - Ontario : |bHealth Canada. |c2007. |
| 300 | |a6p.|bcoloured illus. |
| 500 | |aThe catalogue number (H164-38/1-2007E) and ISBN (0-662-44467-1) for the print edition have been incorrectly copied in this PDF edition. |
| 590 | |a07-08|b2007-02-23 |
| 690 | 07|aNutrition|2gcpds |
| 775 | 08|tBien manger avec le guide alimentaire canadien [brochure] |w(CaOODSP)9.633400 |
| 775 | 08|t[Eating well with Canada's food guide] |w(CaOODSP)9.674635 |
| 775 | 08|tEating well with Canada's food guide [pamphlet] |w(CaOODSP)9.674639 |
| 775 | 08|tEating well with Canada's food guide [pamphlet] |w(CaOODSP)9.674631 |
| 775 | 08|tEating well with Canada's food guide [pamphlet] |w(CaOODSP)9.674637 |
| 775 | 08|tEating well with Canada's food guide [pamphlet] |w(CaOODSP)9.674629 |
| 775 | 08|tEating well with Canada's food guide [pamphlet] |w(CaOODSP)9.674633 |
| 775 | 08|tEating well with Canada's food guide [pamphlet] |w(CaOODSP)9.674625 |
| 775 | 08|tEating well with Canada's food guide [pamphlet] |w(CaOODSP)9.674641 |
| 775 | 08|tEating well with Canada's food guide [pamphlet] |w(CaOODSP)9.674623 |
| 775 | 08|tEating well with Canada's food guide [pamphlet] |w(CaOODSP)9.674627 |
| 776 | 0#|tEating well with Canada's food guide [pamphlet] |w(CaOODSP)9.650418 |
| 794 | |tEating well with Canada's food guide |w(CaOODSP)9.694912 |
| 856 | 40|ahttp://publications.gc.ca|qPDF|s1755 kb|uhttps://publications.gc.ca/collections/Collection/H164-38-1-2007E.pdf |